| Tag |
First Indicator |
Second Indicator |
Subfields |
| LEADER |
00000cam a2200000La 4500 |
| 001 |
in00001363708 |
| 005 |
20151006075035.0 |
| 007 |
hd bfu---bubu |
| 008 |
881207s1890 nyu a 000 1 eng d |
| 010 |
|
|
|a nuc87411489
|
| 035 |
|
|
|a (OCoLC)06923811
|
| 035 |
|
|
|9 AHJ0344AM
|
| 037 |
|
|
|a CL0054000005
|b University Microfilms International
|
| 040 |
|
|
|a UnM
|c RQM
|d UMI
|d UtOrBLW
|
| 049 |
|
|
|a TXAI
|
| 090 |
|
|
|a PS1299.C23
|b G8 1890
|
| 099 |
|
|
|a film
|a B
|a 3866
|
| 100 |
1 |
|
|a Hamilton, W. J.,
|d 1843-1892.
|
| 245 |
1 |
0 |
|a Jim's big bonanza /
|c [by W.J. Hamilton, i.e. C.D. Clark].
|
| 264 |
|
1 |
|a New York :
|b Beadle and Adams,
|c 1890.
|
| 300 |
|
|
|a 30 pages
|
| 336 |
|
|
|a text
|b txt
|2 rdacontent
|
| 337 |
|
|
|a microform
|b h
|2 rdamedia
|
| 338 |
|
|
|a microfilm reel
|b hd
|2 rdacarrier
|
| 490 |
1 |
|
|a Beadle's pocket library ;
|v no. 360
|
| 500 |
|
|
|a Originally published under title: The gulch miners.
|
| 500 |
|
|
|a Master microform held by: UnM.
|
| 533 |
|
|
|a Microfilm.
|b Ann Arbor, Mich. :
|c University Microfilms International,
|d 1981.
|e 1 microfilm reel ; 35 mm.
|f (Dime novels ; Unit 5 ; 360-PL ; reel 55:11)
|
| 539 |
|
|
|a s
|b 1981
|d miu
|e n
|
| 500 |
|
|
|a Microform.
|
| 830 |
|
0 |
|a Beadle's pocket library ;
|v no. 360.
|
| 830 |
|
0 |
|a Beadle's dime novels ;
|v PL-360.
|
| 999 |
|
|
|a MARS
|
| 999 |
f |
f |
|s e501408f-c10b-3a04-bda6-733b97925301
|i b4e7b085-5c1f-3586-ae4a-fc018b755ea2
|t 0
|
| 952 |
f |
f |
|p default
|a Texas A&M University
|b College Station
|c Sterling C. Evans Library
|d Evans: Microforms (3rd floor)
|t 0
|e film B 3866 reel 55:11
|h Other scheme
|i microform -- microfilm reel
|
| 998 |
f |
f |
|a film B 3866 reel 55:11
|t 0
|l Evans: Microforms (3rd floor)
|